[Event "41st IT Bosna 2011"]
[Site "Sarajevo"]
[Date "2011.05.09"]
[Round "6.25"]
[White "Sadikovic, Samir"]
[Black "Dizdarevic, Emir"]
[Result "0-1"]
[WhiteElo "2167"]
[BlackElo "2493"]
[PlyCount "179"]
[EventDate "2011.05.03"]

1. e4 e6 2. d4 d5 3. Nc3 Nf6 4. Bg5 Bb4 5. e5 h6 6. Bd2 Bxc3 7. bxc3 Ne4 8. Qg4
Kf8 9. f4 c5 10. Bd3 Nc6 11. Bxe4 dxe4 12. Qe2 cxd4 13. Qxe4 dxc3 14. Bxc3 Kg8
15. Rd1 Bd7 16. Ne2 Qc7 17. O-O Ne7 18. Be1 Bb5 19. Rf2 Qc6 20. Nc3 Qxe4 21.
Nxe4 Bc6 22. Nd6 Nf5 23. g4 Nh4 24. Rd3 h5 25. g5 g6 26. Rb3 Kg7 27. c4 b6 28.
Rf1 Nf5 29. Bf2 Rhd8 30. Rd3 Rd7 31. Rfd1 Rc7 32. Rc1 Ne7 33. Rdc3 Kf8 34. Kf1
Rd8 35. Ke2 Nf5 36. Rd3 Ne7 37. Be1 Kg8 38. Bb4 Ra8 39. Rcd1 Ba4 40. Rc1 Bc6
41. Rcd1 Kg7 42. Ra3 Rh8 43. Be1 Nf5 44. Bf2 Rb8 45. Rd2 Kf8 46. Rd1 Ne7 47.
Be1 Kg7 48. Bb4 b5 49. Ba5 Rd7 50. cxb5 Bxb5+ 51. Nxb5 Rxd1 52. Kxd1 Rxb5 53.
Bd2 Rb7 54. Be3 Rb1+ 55. Bc1 Rb7 56. Be3 Nd5 57. Bxa7 Rb2 58. h3 Rh2 59. Bc5 h4
60. Ke1 Rc2 61. Bf2 Nxf4 62. Rf3 Nd5 63. a3 Rc4 64. Kd2 Kf8 65. Kd3 Ra4 66. Kc2
Ke8 67. Kb3 Re4 68. a4 Rxe5 69. Bxh4 Ne7 70. Rc3 Kd7 71. Rf3 Kc6 72. Bf2 Rxg5
73. Rxf7 Nd5 74. h4 Rg4 75. Be1 Re4 76. Bd2 Rxh4 77. Rg7 Rg4 78. a5 Nc7 79. Kc2
Na6 80. Kd3 Nc5+ 81. Ke3 Nb3 82. a6 Nxd2 83. a7 Nc4+ 84. Ke2 Nb6 85. Re7 Re4+
86. Kf3 Re1 87. Rg7 Ra1 88. Ke4 Nd7 89. Rxg6 Kd6 90. Rxe6+ 0-1

[Event "41st IT Bosna 2011"]
[Site "Sarajevo"]
[Date "2011.05.09"]
[Round "6.26"]
[White "Sadikovic, Jasmin"]
[Black "Nezad, Husein Aziz"]
[Result "0-1"]
[WhiteElo "2093"]
[BlackElo "2433"]
[PlyCount "94"]
[EventDate "2011.05.03"]

1. e4 c6 2. d4 d5 3. Nc3 dxe4 4. Nxe4 Bf5 5. Ng3 Bg6 6. Nf3 Nd7 7. h4 h6 8. Bd3
Bxd3 9. Qxd3 e6 10. Bd2 Ngf6 11. O-O-O Be7 12. Ne4 Qc7 13. g3 Rd8 14. Kb1 c5
15. dxc5 O-O 16. Nxf6+ Nxf6 17. Qc4 Qxc5 18. Qxc5 Bxc5 19. Be3 Bxe3 20. fxe3
Ne4 21. Rdg1 Rd5 22. b3 Rf5 23. Nd4 Rf2 24. g4 Rc8 25. Rc1 g6 26. Kb2 e5 27.
Nb5 a6 28. Na3 b5 29. Rhf1 Rd8 30. Rxf2 Nxf2 31. Kc3 Nxg4 32. Re1 f5 33. Kb4 f4
34. exf4 exf4 35. Rg1 h5 36. Rf1 Rf8 37. Nb1 f3 38. Nd2 f2 39. Rc1 Re8 40. Rf1
Re2 41. Kc3 Ne3 42. Rh1 Rxd2 43. Kxd2 f1=Q 44. Rxf1 Nxf1+ 45. Kd3 Ng3 46. c4
bxc4+ 47. Kxc4 g5 0-1

[Event "41st IT Bosna 2011"]
[Site "Sarajevo"]
[Date "2011.05.09"]
[Round "6.27"]
[White "Kanmazalp, Ogulcan"]
[Black "Yurtseven, Melih"]
[Result "1-0"]
[WhiteElo "2404"]
[BlackElo "2050"]
[PlyCount "49"]
[EventDate "2011.05.03"]

1. e4 c5 2. Nc3 a6 3. Nge2 d6 4. g3 b5 5. Bg2 Bb7 6. d4 cxd4 7. Nxd4 Nf6 8. O-O
Nbd7 9. Re1 e5 10. Nf5 b4 11. Nd5 g6 12. Nfe3 Nxd5 13. Nxd5 Bxd5 14. Qxd5 Rc8
15. a3 Qb6 16. Be3 Nc5 17. axb4 Qxb4 18. c3 Qxb2 19. Reb1 Qxc3 20. Rc1 Qb4 21.
Rab1 Qa5 22. Bxc5 Rxc5 23. Rxc5 Qxc5 24. Rb8+ Ke7 25. Rb7+ 1-0

[Event "41st IT Bosna 2011"]
[Site "Sarajevo"]
[Date "2011.05.09"]
[Round "6.28"]
[White "Spasenovic, Zoran"]
[Black "Kislik, Erik Andrew"]
[Result "1-0"]
[WhiteElo "2131"]
[BlackElo "2347"]
[PlyCount "147"]
[EventDate "2011.05.03"]

1. d4 Nf6 2. c4 c5 3. Nf3 cxd4 4. Nxd4 e5 5. Nb5 d6 6. Bg5 Be6 7. e4 a6 8. Bxf6
gxf6 9. N5a3 Bg7 10. Nc3 Nc6 11. Be2 O-O 12. O-O f5 13. exf5 Bxf5 14. Bf3 Qd7
15. Qd2 Nd4 16. Bd5 Kh8 17. Ne2 Nxe2+ 18. Qxe2 Bg6 19. Rad1 Rab8 20. g3 e4 21.
f4 exf3 22. Bxf3 Qc7 23. Kh1 Rfe8 24. Qd2 Re6 25. b3 Rbe8 26. Rf2 Kg8 27. Nc2
Qc5 28. Rdf1 b5 29. Bd5 R6e7 30. Nb4 bxc4 31. bxc4 Kh8 32. Nd3 Qd4 33. Nf4 Be4+
34. Ng2 Bxd5 35. cxd5 Qa7 36. Nh4 Bd4 37. Rf4 Be5 38. R4f2 Rb7 39. Qh6 Rg8 40.
Nf3 Bg7 41. Qh5 Bd4 42. Nxd4 Qxd4 43. Rxf7 Qe4+ 44. Qf3 Rxf7 45. Qxe4 Rxf1+ 46.
Kg2 Rgf8 47. Qd4+ R1f6 48. Qb6 Rc8 49. h4 h5 50. Qb2 Rcf8 51. Qe2 Rf5 52. Qe6
R8f6 53. Qc8+ Rf8 54. Qc6 Rd8 55. Qb6 Rff8 56. Qxa6 Rfe8 57. a4 Kg7 58. Qc6
Re2+ 59. Kf3 Re7 60. Qc3+ Kg8 61. Qd3 Kg7 62. Kg2 Rde8 63. Qf5 Rh8 64. a5 Ra8
65. Qg5+ Kf7 66. Qxh5+ Kg7 67. Qg5+ Kf7 68. h5 Rxa5 69. h6 Ra2+ 70. Kh3 Ree2
71. Qg7+ Ke8 72. h7 Rh2+ 73. Kg4 Ra4+ 74. Kg5 1-0

[Event "41st IT Bosna 2011"]
[Site "Sarajevo"]
[Date "2011.05.09"]
[Round "6.29"]
[White "Corovic, Sean"]
[Black "Stojanovic, Dalibor"]
[Result "0-1"]
[WhiteElo "2116"]
[BlackElo "2503"]
[PlyCount "64"]
[EventDate "2011.05.03"]

1. Nf3 Nf6 2. g3 g6 3. Bg2 Bg7 4. O-O O-O 5. c4 d6 6. d4 Nbd7 7. Nc3 e5 8. h3
c6 9. Be3 Qe7 10. dxe5 dxe5 11. Qa4 Nh5 12. b4 f5 13. Rfd1 f4 14. gxf4 Nxf4 15.
Bxf4 Rxf4 16. Qb3 e4 17. c5+ Kh8 18. Nh2 e3 19. f3 Nf6 20. Rd6 Ne8 21. Rad1
Nxd6 22. cxd6 Qe6 23. Ne4 Qxb3 24. axb3 Be6 25. Nc5 Bd5 26. b5 Rd4 27. Rc1 cxb5
28. Ng4 Bc6 29. d7 Bxd7 30. Nxe3 Bh6 31. Kf2 Rc8 32. Rc2 Bxe3+ 0-1

[Event "41st IT Bosna 2011"]
[Site "Sarajevo"]
[Date "2011.05.09"]
[Round "6.30"]
[White "Nestorovic, Lazar"]
[Black "Orehek, Spela"]
[Result "1-0"]
[WhiteElo "2419"]
[BlackElo "2017"]
[PlyCount "49"]
[EventDate "2011.05.03"]

1. e4 c5 2. Nf3 Nc6 3. Bb5 d6 4. O-O Bd7 5. c3 a6 6. Ba4 b5 7. Bc2 Nf6 8. d4
cxd4 9. cxd4 Qc7 10. Nc3 g6 11. d5 Na5 12. Re1 Bg7 13. e5 dxe5 14. Rxe5 Nc4 15.
Re1 Bg4 16. h3 Bxf3 17. Qxf3 O-O 18. Bf4 Qb7 19. Bb3 Rac8 20. Re2 b4 21. Ne4
Rfd8 22. d6 Nxe4 23. Rxe4 e5 24. Bxc4 exf4 25. Re8+ 1-0

[Event "41st IT Bosna 2011"]
[Site "Sarajevo"]
[Date "2011.05.09"]
[Round "6.31"]
[White "Firat, Burak"]
[Black "Dedijer, Mira"]
[Result "1-0"]
[WhiteElo "2380"]
[BlackElo "1968"]
[PlyCount "63"]
[EventDate "2011.05.03"]

1. e4 e5 2. Nf3 Nc6 3. Bb5 a6 4. Ba4 Nf6 5. O-O Be7 6. Re1 b5 7. Bb3 d6 8. c3
O-O 9. d4 Bg4 10. d5 Nb8 11. h3 Bh5 12. Nbd2 c6 13. dxc6 Nxc6 14. Nf1 Qc7 15.
Ne3 Bg6 16. Nd5 Nxd5 17. Bxd5 Rad8 18. a4 Kh8 19. axb5 axb5 20. Be3 f5 21. Ra6
Be8 22. exf5 Rb8 23. g4 Qc8 24. Ra1 Bf7 25. Bxf7 Rxf7 26. Qd5 Rf8 27. Ng5 Nd8
28. Ra7 Rb7 29. Rea1 h6 30. Ne6 Rf7 31. Ra8 Qd7 32. R1a6 1-0

[Event "41st IT Bosna 2011"]
[Site "Sarajevo"]
[Date "2011.05.09"]
[Round "6.32"]
[White "Trkulja, Goran"]
[Black "Jacimovic, Sara"]
[Result "1-0"]
[WhiteElo "2379"]
[BlackElo "1959"]
[PlyCount "75"]
[EventDate "2011.05.03"]

1. e4 e5 2. d4 exd4 3. Qxd4 Nc6 4. Qe3 d6 5. Nc3 g6 6. Bd2 Bg7 7. O-O-O Be6 8.
f3 Qd7 9. Nge2 O-O-O 10. Nf4 Re8 11. Nb5 Kb8 12. Bc3 f6 13. Nxe6 Qxe6 14. Kb1
Nge7 15. Nd4 Nxd4 16. Qxd4 Nc8 17. g4 Re7 18. Qb4 h5 19. gxh5 Rxh5 20. a4 f5
21. Bxg7 Rxg7 22. a5 fxe4 23. a6 c5 24. Qxe4 Qxe4 25. fxe4 Re7 26. h3 b6 27.
Rg1 g5 28. Rg3 Rxe4 29. Bg2 Re5 30. Rf1 Rh8 31. Rf7 Ne7 32. Rg7 Rh5 33. Rf3 Rh8
34. Rff7 Re8 35. Bf1 Nc8 36. Rb7+ Ka8 37. Bb5 R8e7 38. Rg8 1-0

[Event "41st IT Bosna 2011"]
[Site "Sarajevo"]
[Date "2011.05.09"]
[Round "6.33"]
[White "Cerimovic, Aldin"]
[Black "Bistric, Faruk"]
[Result "0-1"]
[WhiteElo "2092"]
[BlackElo "2376"]
[PlyCount "62"]
[EventDate "2011.05.03"]

1. Nf3 f5 2. d4 Nf6 3. c4 g6 4. Nc3 Bg7 5. g3 O-O 6. Bg2 d6 7. O-O Na6 8. d5
Nc5 9. Nd4 a5 10. Na4 Nce4 11. f3 Nc5 12. Nxc5 dxc5 13. Nc2 e6 14. e4 exd5 15.
exd5 Ne8 16. Rb1 a4 17. Be3 b6 18. Qc1 Nd6 19. Ne1 Re8 20. Bf4 Qf6 21. Bxd6
cxd6 22. Qc2 f4 23. g4 h5 24. h3 Re3 25. Nd3 hxg4 26. fxg4 f3 27. Bh1 Bd7 28.
Ne1 Qd4 29. Qf2 Re2 30. Nxf3 Rxf2 31. Nxd4 Rxf1+ 0-1

[Event "41st IT Bosna 2011"]
[Site "Sarajevo"]
[Date "2011.05.09"]
[Round "6.34"]
[White "Koksal, Ege"]
[Black "Kruskic, Mirsad"]
[Result "1/2-1/2"]
[WhiteElo "2004"]
[BlackElo "2216"]
[PlyCount "111"]
[EventDate "2011.05.03"]

1. d4 Nf6 2. c4 g6 3. Nc3 Bg7 4. e4 d6 5. f3 O-O 6. Be3 e5 7. Nge2 c6 8. Qd2
Nbd7 9. Nc1 a6 10. a4 Re8 11. d5 c5 12. Be2 Rf8 13. Nd3 Ne8 14. O-O a5 15. f4
exf4 16. Bxf4 Qe7 17. Rae1 Ne5 18. Nxe5 Bxe5 19. Bxe5 Qxe5 20. Qf4 f6 21. h4
Bd7 22. Kh2 Ng7 23. Qxe5 dxe5 24. g4 Ne8 25. Kg3 Nd6 26. b3 Rae8 27. Bd3 Kg7
28. Rf2 Rf7 29. Ref1 Ref8 30. Nd1 f5 31. gxf5 gxf5 32. exf5 e4 33. Bb1 Nxf5+
34. Kh2 Nd4 35. Bxe4 Rxf2+ 36. Rxf2 Rxf2+ 37. Nxf2 Nxb3 38. Bc2 Nd2 39. Nd3 Bf5
40. Nxc5 Bxc2 41. d6 Bf5 42. d7 Bxd7 43. Nxd7 Nxc4 44. Kg3 Kf7 45. Kf4 Ke7 46.
Nc5 b6 47. Ne4 Nb2 48. Nc3 Kf7 49. Ke5 Kg6 50. Kd5 Nxa4 51. Nxa4 b5 52. Nc3 b4
53. Na4 Kh5 54. Ke4 Kg4 55. Nb2 b3 56. Na4 1/2-1/2

[Event "41st IT Bosna 2011"]
[Site "Sarajevo"]
[Date "2011.05.09"]
[Round "6.35"]
[White "Bandic, Adnan"]
[Black "Strinic, Halid"]
[Result "1-0"]
[WhiteElo "2210"]
[BlackElo "1903"]
[PlyCount "85"]
[EventDate "2011.05.03"]

1. e4 e5 2. Bc4 Nc6 3. Nf3 Be7 4. d4 d6 5. h3 Nf6 6. d5 Nb8 7. Nc3 c6 8. Qd3 b5
9. Bb3 b4 10. dxc6 Ba6 11. Nb5 Nxc6 12. Qc4 Bxb5 13. Qxb5 Qb6 14. Qxb6 axb6 15.
O-O O-O 16. Be3 Na5 17. Bg5 Nxb3 18. axb3 Rfc8 19. Bxf6 Bxf6 20. Rxa8 Rxa8 21.
Rd1 Be7 22. Kf1 g6 23. g4 f5 24. gxf5 gxf5 25. exf5 Kf7 26. Nd2 Rc8 27. Nc4 Rc6
28. Rd5 Kf6 29. Ne3 Bf8 30. Rb5 d5 31. Nxd5+ Kxf5 32. Rxb6 Rxb6 33. Nxb6 e4 34.
c3 Ke6 35. Ke2 Be7 36. Nc4 Bc5 37. Ne3 Kf6 38. Nc2 Kg5 39. Kf1 Kf4 40. Kg2 Kf5
41. Nxb4 e3 42. fxe3 Bxe3 43. Kf3 1-0

[Event "41st IT Bosna 2011"]
[Site "Sarajevo"]
[Date "2011.05.09"]
[Round "6.37"]
[White "Tucakovic, Mario"]
[Black "Brkic, Mustafa"]
[Result "1-0"]
[WhiteElo "2005"]
[BlackElo "2143"]
[PlyCount "114"]
[EventDate "2011.05.03"]

1. e4 c5 2. Nf3 e6 3. d4 cxd4 4. Nxd4 Nf6 5. Nc3 Bb4 6. Bd3 Nc6 7. Nb3 d5 8.
exd5 Nxd5 9. Bd2 Nxc3 10. bxc3 Be7 11. Qh5 g6 12. Qe2 O-O 13. h4 Bxh4 14. O-O-O
a5 15. a4 e5 16. Bh6 Bg5+ 17. f4 Bxh6 18. Rxh6 Qf6 19. Rdh1 Qxf4+ 20. Kb2 Bg4
21. Qe1 Bh5 22. R1xh5 gxh5 23. Rxh5 f5 24. Qh1 Rf7 25. Rh4 Qg5 26. Bc4 Qg7 27.
Nc5 Kh8 28. g4 f4 29. Ne6 Qg8 30. Rh5 Rc8 31. Ng5 Rcc7 32. Qd5 Rf8 33. Qe4 Qg7
34. Ne6 Qf7 35. Rf5 Qxf5 36. gxf5 Rcc8 37. Nxf8 Rxf8 38. Bd5 Re8 39. Bxc6 bxc6
40. Qxc6 Rf8 41. Qe6 f3 42. Qxe5+ Kg8 43. Qg3+ Kf7 44. Qxf3 Kf6 45. c4 Kg5 46.
Qg3+ Kf6 47. Qd6+ Kg7 48. Qe5+ Kg8 49. c5 h5 50. Qe6+ Rf7 51. Qg6+ Kf8 52. Qxh5
Kg8 53. c6 Rg7 54. Qe8+ Kh7 55. f6 Rg2 56. f7 Rg3 57. Qg8+ Kh6 1-0

[Event "41st IT Bosna 2011"]
[Site "Sarajevo"]
[Date "2011.05.09"]
[Round "6.39"]
[White "Djukic, Sandra"]
[Black "Vojinovic, Jovana"]
[Result "1/2-1/2"]
[WhiteElo "2202"]
[BlackElo "2305"]
[PlyCount "29"]
[EventDate "2011.05.03"]

1. d4 Nf6 2. Bg5 Ne4 3. Bh4 c5 4. f3 g5 5. fxe4 gxh4 6. e3 Bh6 7. Nd2 Bxe3 8.
d5 d6 9. Qh5 Bxd2+ 10. Kxd2 Qb6 11. Kc1 c4 12. Nf3 c3 13. bxc3 Qe3+ 14. Kb2
Qb6+ 15. Kc1 1/2-1/2

[Event "41st IT Bosna 2011"]
[Site "Sarajevo"]
[Date "2011.05.09"]
[Round "6.40"]
[White "Grubacic, Mile"]
[Black "Arat, Ufuk Sezen"]
[Result "0-1"]
[WhiteElo "2048"]
[BlackElo "2053"]
[PlyCount "74"]
[EventDate "2011.05.03"]

1. e4 c5 2. Nf3 d6 3. d4 cxd4 4. Nxd4 Nf6 5. Nc3 g6 6. Be2 Bg7 7. O-O O-O 8.
Bg5 Nc6 9. Nb3 Be6 10. f4 a6 11. a4 Qb6+ 12. Kh1 Qb4 13. f5 Bxb3 14. cxb3 Nxe4
15. Nd5 Qc5 16. Be3 Qa5 17. b4 Qd8 18. Bb6 Qd7 19. Rc1 Rac8 20. b5 axb5 21.
fxg6 hxg6 22. Bxb5 Bxb2 23. Rc2 Be5 24. Qc1 Kg7 25. Qe3 Nf6 26. Nb4 Ng4 27. Qe4
Nxh2 28. Rfc1 Rh8 29. Kg1 Ng4 30. Nxc6 bxc6 31. Rxc6 Qe6 32. Qc2 Bh2+ 33. Kf1
Rxc6 34. Bxc6 Bf4 35. Bd4+ f6 36. Re1 Rh1+ 37. Bg1 Rxg1+ 0-1

[Event "41st IT Bosna 2011"]
[Site "Sarajevo"]
[Date "2011.05.09"]
[Round "6.41"]
[White "Vukmirovic, Dusan"]
[Black "Hadziselimovic, Bernardina"]
[Result "1-0"]
[WhiteElo "2087"]
[BlackElo "1822"]
[PlyCount "103"]
[EventDate "2011.05.03"]

1. e4 c5 2. Nf3 Nc6 3. d4 cxd4 4. Nxd4 a6 5. Nc3 Nf6 6. Be3 d6 7. Be2 e6 8. O-O
Be7 9. f4 Qc7 10. Bf3 O-O 11. Qe1 Na5 12. Qf2 Nc4 13. Bc1 e5 14. Nb3 b5 15. a3
Rb8 16. Kh1 Bb7 17. f5 d5 18. exd5 Nxa3 19. Ne4 Nxc2 20. d6 Bxd6 21. Nxf6+ gxf6
22. Bh6 Kh8 23. Rac1 e4 24. Bd1 Rg8 25. Qxc2 e3 26. Bf3 Qe7 27. Bxb7 e2 28.
Rfe1 Qe5 29. g3 Rxb7 30. Qxe2 Qxf5 31. Qe4 Qxe4+ 32. Rxe4 Be5 33. Nc5 Rc7 34.
b4 a5 35. bxa5 Ra8 36. a6 Bd6 37. Nb3 Rxc1+ 38. Nxc1 b4 39. Nb3 f5 40. Rc4 Kg8
41. Rc6 Be5 42. Rb6 f6 43. Bf4 Kf7 44. Bxe5 fxe5 45. Nc5 e4 46. Kg2 h5 47. Rxb4
h4 48. Rb7+ Kf6 49. a7 h3+ 50. Kxh3 e3 51. Kg2 e2 52. Kf2 1-0

[Event "41st IT Bosna 2011"]
[Site "Sarajevo"]
[Date "2011.05.09"]
[Round "6.42"]
[White "Pestek, Elvis"]
[Black "Hamornik, Jozef"]
[Result "1-0"]
[WhiteElo "2006"]
[BlackElo "2063"]
[PlyCount "89"]
[EventDate "2011.05.03"]

1. e4 e5 2. Bc4 Nf6 3. d3 Nc6 4. a3 d5 5. exd5 Nxd5 6. Ne2 Bg4 7. f3 Be6 8.
Bxd5 Bxd5 9. Be3 Be7 10. O-O O-O 11. Nbc3 Be6 12. Qd2 f6 13. Rae1 Qd7 14. f4
Nd4 15. fxe5 fxe5 16. Ng3 Rxf1+ 17. Rxf1 Rf8 18. Rxf8+ Bxf8 19. Nce4 b6 20. Qf2
h6 21. h3 Be7 22. Nh5 Qe8 23. Nhg3 c5 24. c3 Nb5 25. Nf5 Bd8 26. a4 Nc7 27. a5
Qg6 28. Nfg3 Nd5 29. axb6 axb6 30. Bd2 Nf6 31. Qf3 Nxe4 32. Nxe4 Bh4 33. c4 Qf7
34. Qxf7+ Kxf7 35. b4 cxb4 36. Bxb4 Bd7 37. Kf1 b5 38. Nd6+ Ke6 39. Nxb5 g5 40.
Nc3 Kf5 41. Ne4 Bc6 42. g3 Bxg3 43. Nxg3+ Kf4 44. Kf2 Be8 45. Bd2# 1-0

[Event "41st IT Bosna 2011"]
[Site "Sarajevo"]
[Date "2011.05.09"]
[Round "6.46"]
[White "Hadzialic, Benjamin"]
[Black "Zlobec, Srdjan"]
[Result "1-0"]
[WhiteElo "1702"]
[BlackElo "2153"]
[PlyCount "81"]
[EventDate "2011.05.03"]

1. d4 Nf6 2. c4 c5 3. e3 g6 4. Nc3 Bg7 5. Nf3 O-O 6. Be2 d6 7. O-O Nc6 8. b3
Bf5 9. Bb2 Ne4 10. Rc1 Nxc3 11. Bxc3 e5 12. d5 Ne7 13. b4 b6 14. bxc5 bxc5 15.
Nd2 Bd7 16. Qc2 f5 17. f4 e4 18. Rb1 Bxc3 19. Qxc3 g5 20. g3 Ng6 21. Rb7 Rf7
22. Kh1 g4 23. Rfb1 h5 24. Kg2 h4 25. Qb2 Rc8 26. Rxa7 Rh7 27. Qb6 Qf8 28. Ra6
Qh6 29. Qxd6 hxg3 30. Qxg6+ Qxg6 31. Rxg6+ Kf7 32. Ra6 Rxh2+ 33. Kxg3 Rxe2 34.
Rb7 Rd8 35. Nf1 Ke7 36. Rh6 Re1 37. Kf2 Rc1 38. Rh7+ Ke8 39. Rh8+ Ke7 40. d6+
Ke6 41. Rxd8 1-0

[Event "41st IT Bosna 2011"]
[Site "Sarajevo"]
[Date "2011.05.09"]
[Round "6.47"]
[White "Hadzovic, Amir"]
[Black "Uyanik, Mehmet"]
[Result "1-0"]
[WhiteElo "2143"]
[BlackElo "1668"]
[PlyCount "85"]
[EventDate "2011.05.03"]

1. e4 c5 2. Nc3 Nc6 3. f4 d6 4. Bc4 Nf6 5. h3 e6 6. d3 Be7 7. Nf3 O-O 8. O-O a6
9. a4 d5 10. Bb3 dxe4 11. dxe4 Qb6 12. Be3 Rd8 13. Qe1 Nd4 14. a5 Qc7 15. e5
Nxb3 16. exf6 Nxa1 17. fxe7 Qxe7 18. Qxa1 f6 19. Qa3 Qe8 20. Na4 Qg6 21. Nb6
Rb8 22. Bxc5 e5 23. f5 Qxf5 24. Bd6 Qxc2 25. Bxb8 e4 26. Qe7 Qd3 27. Ne5 Qd4+
28. Kh1 e3 29. Nf3 Qd3 30. Re1 Bxh3 31. gxh3 Rxb8 32. Qe6+ Kh8 33. Qxe3 Qd6 34.
Qe8+ Qf8 35. Qxf8+ Rxf8 36. Re7 h6 37. Rxb7 Rd8 38. Nc4 Ra8 39. b4 Kh7 40. Nd6
Kg6 41. Nd4 Rd8 42. N4f5 Rg8 43. Ne7+ 1-0

[Event "41st IT Bosna 2011"]
[Site "Sarajevo"]
[Date "2011.05.09"]
[Round "6.49"]
[White "Grahovac, Danijel"]
[Black "Colpa, Husein"]
[Result "0-1"]
[WhiteElo "1963"]
[BlackElo "1990"]
[PlyCount "68"]
[EventDate "2011.05.03"]

1. d4 Nf6 2. Nf3 g6 3. c4 Bg7 4. Nc3 d6 5. e4 Nc6 6. Be2 O-O 7. O-O e5 8. dxe5
dxe5 9. a3 Bg4 10. Be3 Bxf3 11. Bxf3 Nd4 12. Be2 c6 13. f3 Nh5 14. b4 Nf4 15.
g3 Nfe6 16. c5 f5 17. Bc4 Qe7 18. Qc1 Rf7 19. Ra2 Kh8 20. f4 Raf8 21. Raf2 exf4
22. Bxf4 Nxf4 23. gxf4 Ne6 24. e5 Bh6 25. Qe3 Rd8 26. Rd1 Rff8 27. Bxe6 Qxe6
28. Rfd2 Rxd2 29. Qxd2 Qc4 30. Qd4 Qb3 31. Ra1 g5 32. Ne2 gxf4 33. Nxf4 Qf3 34.
Ng2 Rg8 0-1

[Event "41st IT Bosna 2011"]
[Site "Sarajevo"]
[Date "2011.05.10"]
[Round "7.2"]
[White "Saric, Ivan"]
[Black "Parligras, Mircea-Emilian"]
[Result "1/2-1/2"]
[WhiteElo "2637"]
[BlackElo "2626"]
[PlyCount "85"]
[EventDate "2011.05.03"]

1. e4 c6 2. Nc3 d5 3. Nf3 Bg4 4. h3 Bxf3 5. Qxf3 e6 6. g3 Nf6 7. Bg2 dxe4 8.
Nxe4 Nxe4 9. Qxe4 Nd7 10. O-O Be7 11. b4 Nf6 12. Qc4 a6 13. a4 O-O 14. d3 Qd7
15. Bd2 Rfd8 16. Rfd1 Nd5 17. Qb3 Bf6 18. Rab1 Rac8 19. Be4 Be5 20. Be1 Ne7 21.
b5 axb5 22. axb5 Nf5 23. bxc6 bxc6 24. Qa4 Nd4 25. Qc4 Qc7 26. c3 Nb5 27. Qc5
Qd6 28. Qxd6 Nxd6 29. Bg2 c5 30. Kf1 Rb8 31. Bc6 Rbc8 32. Bg2 Rb8 33. Rxb8 Rxb8
34. Ra1 g6 35. Ra5 Rb5 36. Ra8+ Kg7 37. Bc6 Rb3 38. Ba4 Ra3 39. Ra6 Ra1 40. Ke2
Ra2+ 41. Kf3 Ra1 42. Bd2 Ra2 43. Be1 1/2-1/2

[Event "41st IT Bosna 2011"]
[Site "Sarajevo"]
[Date "2011.05.10"]
[Round "7.3"]
[White "Naiditsch, Arkadij"]
[Black "Sebenik, Matej"]
[Result "1-0"]
[WhiteElo "2716"]
[BlackElo "2524"]
[PlyCount "57"]
[EventDate "2011.05.03"]

1. e4 e6 2. d4 d5 3. Nc3 Bb4 4. e5 Ne7 5. Bd2 b6 6. h4 Bxc3 7. Bxc3 Ba6 8. Bxa6
Nxa6 9. h5 h6 10. Qg4 O-O 11. Bd2 Kh8 12. Qe2 Qc8 13. Nf3 c5 14. g4 cxd4 15.
Nxd4 Qc4 16. Qxc4 dxc4 17. Nb5 Rfc8 18. Nd6 Rc5 19. O-O-O Rf8 20. g5 Kh7 21.
gxh6 gxh6 22. Ne4 Rcc8 23. Nf6+ Kh8 24. Bxh6 Rfd8 25. Bg5 Rxd1+ 26. Rxd1 Nc5
27. Be3 Nc6 28. f4 Na6 29. h6 1-0

[Event "41st IT Bosna 2011"]
[Site "Sarajevo"]
[Date "2011.05.10"]
[Round "7.5"]
[White "Kovacevic, Aleksandar"]
[Black "Predojevic, Borki"]
[Result "0-1"]
[WhiteElo "2575"]
[BlackElo "2617"]
[PlyCount "118"]
[EventDate "2011.05.03"]

1. e4 c5 2. Nf3 e6 3. c4 Nc6 4. Be2 g5 5. h3 Bg7 6. d4 Nxd4 7. Nxg5 Ne7 8. Nc3
d6 9. O-O O-O 10. Bd3 f5 11. Ne2 h6 12. Nxd4 cxd4 13. Nf3 e5 14. a4 f4 15. Nd2
Rf6 16. Be2 Rg6 17. Bh5 Rg5 18. h4 Rxh5 19. Qxh5 Be6 20. Ra3 Qd7 21. Qe2 Rf8
22. h5 Nc6 23. a5 Bg4 24. f3 Bxh5 25. Kf2 Nb4 26. Nb1 Qc6 27. Bd2 Nc2 28. Qd3
Ne3 29. Rh1 Bf7 30. b3 h5 31. Ra1 Bh6 32. Na3 Kh7 33. Nc2 Rg8 34. Rh2 Qd7 35.
Rah1 Qd8 36. Ne1 Rg7 37. Ke2 Kg8 38. Qb1 Bg5 39. Nd3 Bf6 40. Qa2 Nxg2 41. Rg1
Ne3 42. Rxg7+ Kxg7 43. Be1 Bg6 44. Qa4 Qc8 45. Nf2 d5 46. exd5 d3+ 47. Nxd3 Qf5
48. Nb4 e4 49. Rf2 exf3+ 50. Rxf3 Qe4 51. Qd7+ Kh6 52. Qe6 Be5 53. Rxe3 Qxe3+
54. Kf1 Qf3+ 55. Kg1 Bd4+ 56. Kh2 Be3 57. Bh4 Qe2+ 58. Kh3 Qf1+ 59. Kh2 Qg1+
0-1

[Event "41st IT Bosna 2011"]
[Site "Sarajevo"]
[Date "2011.05.10"]
[Round "7.6"]
[White "Szabo, Krisztian"]
[Black "Ivanisevic, Ivan"]
[Result "1-0"]
[WhiteElo "2512"]
[BlackElo "2648"]
[PlyCount "87"]
[EventDate "2011.05.03"]

1. e4 c5 2. Nf3 d6 3. d4 cxd4 4. Nxd4 Nf6 5. Nc3 a6 6. Be3 e5 7. Nb3 Be7 8. f3
Be6 9. Qd2 O-O 10. O-O-O a5 11. a4 Nc6 12. g4 Nb4 13. Kb1 Rc8 14. g5 Nh5 15.
Rg1 g6 16. Bb5 f5 17. Qf2 Ra8 18. Nc5 Qc8 19. Nxe6 Qxe6 20. Nd5 fxe4 21. Bc4
Kh8 22. Qh4 Rac8 23. Qxe4 Rxc4 24. Qxc4 Rxf3 25. Rge1 Ng7 26. Qe4 Qf5 27. Qxf5
Nxf5 28. Nxe7 Nxe3 29. Rxd6 Nexc2 30. Rc1 Nd4 31. Rd7 Rf8 32. Nd5 Nb3 33. Nxb4
Nxc1 34. Nd5 Rf1 35. Nf6 Nb3+ 36. Ka2 Nc1+ 37. Kb1 Nb3+ 38. Kc2 Nd4+ 39. Kd3
Rf3+ 40. Ke4 Rh3 41. Kxe5 Nb3 42. Rc7 Re3+ 43. Kd6 Rd3+ 44. Ke7 1-0

[Event "41st IT Bosna 2011"]
[Site "Sarajevo"]
[Date "2011.05.10"]
[Round "7.7"]
[White "Lupulescu, Constantin"]
[Black "Kadric, Denis"]
[Result "1-0"]
[WhiteElo "2638"]
[BlackElo "2376"]
[PlyCount "65"]
[EventDate "2011.05.03"]

1. c4 Nf6 2. Nf3 g6 3. Nc3 d5 4. Qa4+ Bd7 5. Qb3 dxc4 6. Qxc4 Bg7 7. e4 O-O 8.
e5 Be6 9. Qb5 Ng4 10. d4 Qc8 11. h3 Nh6 12. Bf4 c6 13. Qe2 f6 14. O-O-O Nf7 15.
Qe3 Re8 16. Bd3 b5 17. h4 b4 18. Ne4 Nd7 19. Kb1 Nb6 20. Nc5 Nd5 21. Qd2 Bf5
22. Bg3 fxe5 23. dxe5 Rd8 24. Qe2 Nh6 25. Nd4 Bxd3+ 26. Rxd3 a5 27. Nde6 Re8
28. h5 Nc7 29. Nxg7 Kxg7 30. e6 Nd5 31. hxg6 hxg6 32. Rxd5 cxd5 33. Qe5+ 1-0

[Event "41st IT Bosna 2011"]
[Site "Sarajevo"]
[Date "2011.05.10"]
[Round "7.8"]
[White "Yilmaz, Mustafa"]
[Black "Berczes, David"]
[Result "1-0"]
[WhiteElo "2489"]
[BlackElo "2531"]
[PlyCount "77"]
[EventDate "2011.05.03"]

1. e4 c6 2. d4 d5 3. exd5 cxd5 4. c4 Nf6 5. Nc3 Nc6 6. Bf4 g6 7. c5 Bg7 8. Bb5
O-O 9. Nge2 Ne4 10. Bxc6 bxc6 11. Qa4 Nxc3 12. bxc3 a5 13. O-O Ba6 14. Rfe1 Qd7
15. Ng3 Bb5 16. Qc2 a4 17. Re3 a3 18. Rae1 Rfe8 19. h4 Qg4 20. Bd6 Qxh4 21.
Rxe7 Rxe7 22. Bxe7 Qg4 23. Bd6 h5 24. f3 Qg5 25. Nh1 h4 26. Nf2 Qf5 27. Qd2 Kh7
28. Ng4 Ra7 29. Re8 f6 30. Qe1 g5 31. Rb8 Qg6 32. Qe6 Qf7 33. Qf5+ Qg6 34. Qc8
Qf7 35. Ne3 Qd7 36. Qg8+ Kg6 37. Rf8 Bd3 38. Ng4 Bf5 39. Rxf6+ 1-0

[Event "41st IT Bosna 2011"]
[Site "Sarajevo"]
[Date "2011.05.10"]
[Round "7.10"]
[White "Milanovic, Danilo"]
[Black "Al-Sayed, Mohammed"]
[Result "1/2-1/2"]
[WhiteElo "2494"]
[BlackElo "2485"]
[PlyCount "103"]
[EventDate "2011.05.03"]

1. d4 d5 2. c4 c6 3. Nc3 Nf6 4. e3 e6 5. Bd2 Nbd7 6. Rc1 dxc4 7. Bxc4 b5 8. Bd3
Bb7 9. Nf3 a6 10. a4 b4 11. Ne4 c5 12. Nxf6+ Nxf6 13. O-O cxd4 14. exd4 Be7 15.
Bf4 O-O 16. Be5 Nd5 17. Qe2 Qd7 18. a5 Rfc8 19. Ra1 Nf6 20. Nd2 Bd5 21. Bxa6
Rc2 22. Bd3 Rxb2 23. a6 b3 24. Rab1 Ra2 25. Qd1 b2 26. Nc4 R8xa6 27. Rxb2 Rxb2
28. Nxb2 Ra8 29. Nc4 Qc6 30. Ne3 Be4 31. Be2 Nd5 32. Nxd5 Bxd5 33. f3 Ra2 34.
Bd3 Bd6 35. Rf2 Bxe5 36. dxe5 Qc5 37. Bc2 Qa7 38. Qd3 g6 39. Kf1 Ra1+ 40. Bd1
Qa4 41. Rc2 Bb3 42. Qd8+ Kg7 43. Qf6+ Kh6 44. Rd2 Rxd1+ 45. Rxd1 Bxd1 46. Qxf7
Qc4+ 47. Kg1 Qd4+ 48. Kh1 Bc2 49. Qf8+ Kg5 50. Qf6+ Kh6 51. Qf8+ Kg5 52. Qf6+
1/2-1/2